Theory of Machines and mechanisms (Record no. 497)
[ view plain ]
| 000 -LEADER | |
|---|---|
| Fixed length control field | 00521nam a2200193 4500 |
| 003 - CONTROL NUMBER IDENTIFIER | |
| Control field | SEACOMEC |
| 005 - DATE AND TIME OF LATEST TRANSACTION | |
| Control field | 20240116155928.0 |
| 008 - FIXED-LENGTH DATA ELEMENTS--GENERAL INFORMATION | |
| Fixed length control field | 240116b |||||||| |||| 00| 0 eng d |
| 020 ## - INTERNATIONAL STANDARD BOOK NUMBER / ISBN | |
| Price | $17.95 |
| 040 ## - CATALOGING SOURCE | |
| Original cataloging agency | SEACOMEC |
| 082 ## - DEWEY DECIMAL CLASSIFICATION NUMBER | |
| Classification number | 621.8 |
| Book Number | S555 |
| 100 ## - MAIN ENTRY--PERSONAL NAME | |
| Personal name | Singhley,Joseph Edward |
| 245 1# - TITLE STATEMENT | |
| Title | Theory of Machines and mechanisms |
| Statement of responsibility | Joseph Edward Singhley |
| 250 ## - EDITION STATEMENT | |
| Edition statement | 2nd ed. |
| 260 ## - IMPRINT | |
| Place of publication | Singapore |
| Name of publisher | Tata McGraw Hikk |
| Date of publication | 2003 |
| 650 ## - SUBJECT ADDED ENTRY--TOPICAL TERM | |
| Topical term | Technology ,Machine engineering |
| 700 ## - ADDED ENTRY--PERSONAL NAME | |
| Personal name | Uicker,John Joseph |
| 942 ## - ADDED ENTRY ELEMENTS (KOHA) | |
| Koha item type | Books |
| Withdrawn status | Lost status | Source of classification | Damaged status | Not for loan | Home library | Current library | Date acquired | Total Checkouts | Call number | Accession number | Date last seen | Copy number | Price effective from | Koha item type |
|---|---|---|---|---|---|---|---|---|---|---|---|---|---|---|
| Dewey Decimal Classification | SEACOM ENGINEERING COLLEGE | SEACOM ENGINEERING COLLEGE | 05/06/2006 | 621.8 S555 | 01606 | 16/01/2024 | 1 | 16/01/2024 | Books |
